01632nam a2200397 i 450000100060000000300080000600500170001400600190003100700150005000800410006502000280010602000180013403500220015204000310017405000220020508000210022708200120024810000340026024501110029425000510040526400730045630000410052933600310057033700330060133800430063449000210067750400390069858800830073759001620082065000770098265000500105965500270110979700180113685600630115499900170121721726FINmELB20241216213941.0m o u cr cn|||||||||210126s2019 sp ob 000 0 spa d a9788417776152q(e-book) z9788417776145 a(OCoLC)1222925288 aFINmELBbspaerdacFINmELB 4aHT166b.R363 2019 a349.414(460.354)04a3422231 aRando Burgos, Esther,eautor.10aPerspectiva jurídica de la planificación territorial en la provincia de Huelva /cEsther Rando Burgos. aPrimera edición en formato papel: mayo 2019. 1a[Huelva] :bServicio de Publicaciones, Universidad de Huelva,c2019. a1 recurso en línea (200 páginas) atextobtxt2rdacontent/spa acomputadorabc2rdamedia/spa arecurso en líneabcr2rdacarrier/spa0 aJovellanos ;v11 aBibliografía: páginas 189-200. aDescripción basada en metadatos suministrados por el editor y otras fuentes. aRecurso electrónico. Santa Fe, Arg.: elibro, 2021. Disponible vía World Wide Web. El acceso puede estar limitado para las bibliotecas afiliadas a elibro. 4aOrdenación del territorioxDerecho y legislaciónzHuelva (Provincia) 0aRegional planningxLaw and legislatiozSpain. 4aLibros electrónicos.2 aelibro, Corp.40uhttps://elibro.net/ereader/politecnicointernacional/122487 c21726d21726